000 00507nmm a2200169Ia 4500
008 251105s9999||||xx |||||||||||||||||und||
020 _a9789586487498
041 _aspa
100 _aBlanco Luna, Yanel
245 0 _aAuditoría integral, normas y procedimientos
264 _a[Bogotá, Colombia] :
_bEcoe Ediciones,
_c2012
300 _a522 páginas
490 _aCiencias Administrativas
650 _aEconomics and Business
856 _uhttps://public.digitaliapublishing.com/a/29872
942 _cCF
999 _c95364
_d95364